[Event "SR 1. liga zapad 2013/2014"]
[Site "?"]
[Date "2013.12.15"]
[Round "35.7"]
[White "Hacik, Radomir"]
[Black "Sosovicka, Matej"]
[Result "0-1"]
[WhiteElo "2209"]
[BlackElo "2098"]
[PlyCount "114"]
[EventDate "2013.??.??"]
[WhiteTeam "SK Slovan Bratislava C"]
[BlackTeam "SK Strelec Devinska Nova Ves"]

1. e4 c5 2. Nf3 d6 3. d4 cxd4 4. Nxd4 Nf6 5. Nc3 a6 6. Bg5 Nbd7 7. Qd2 e6 8. a4
Be7 9. Be2 Qc7 10. O-O O-O 11. a5 b5 12. axb6 Nxb6 13. Ra2 Bb7 14. Rfa1 Nc4 15.
Qd3 Rfc8 16. h4 h6 17. Bf4 e5 18. Nf5 exf4 19. Qxc4 Qxc4 20. Bxc4 Rxc4 21.
Nxe7+ Kf8 22. Nf5 Nxe4 23. Nxe4 Rxe4 24. Nxd6 Rb4 25. b3 Bc8 26. Re1 Be6 27.
Re4 Rxe4 28. Nxe4 Rc8 29. c4 Rc6 30. Ra5 Ke7 31. Nc5 Bc8 32. Nd3 Rb6 33. b4 f3
34. gxf3 Bb7 35. Re5+ Kf8 36. f4 Rd6 37. Re3 Rd4 38. Nc5 Rd1+ 39. Kh2 Rh1+ 40.
Kg3 Rg1+ 41. Kh3 Bc8+ 42. Kh2 Rg4 43. Re4 Rxh4+ 44. Kg2 Rg4+ 45. Kf1 Rg6 46.
Rd4 Ke7 47. Ke2 Rb6 48. Nd3 Rd6 49. Ke3 Rxd4 50. Kxd4 h5 51. Ne5 Bb7 52. c5 f6
53. Ng6+ Ke6 54. f5+ Kxf5 55. c6 Bxc6 56. Ne7+ Kf4 57. Nxc6 h4 0-1

[Event "SR 1. liga zapad 2013/2014"]
[Site "?"]
[Date "2013.12.15"]
[Round "35.8"]
[White "Oprea, Erik"]
[Black "Travenec, Igor"]
[Result "1-0"]
[WhiteElo "2130"]
[BlackElo "2238"]
[PlyCount "103"]
[EventDate "2013.??.??"]
[WhiteTeam "SK Strelec Devinska Nova Ves"]
[BlackTeam "SK Slovan Bratislava C"]

1. e4 e6 2. e5 d5 3. exd6 cxd6 4. Nc3 Nf6 5. d4 d5 6. Be3 Nc6 7. h3 Bd6 8. Bd3
Bd7 9. Nf3 a6 10. Qd2 Qb6 11. O-O O-O 12. Bg5 Ne8 13. a3 Rc8 14. Rfe1 Qc7 15.
Ne2 f6 16. Bh4 f5 17. Bg3 Nf6 18. Bxd6 Qxd6 19. Qf4 Ne4 20. Qxd6 Nxd6 21. Ne5
Nxe5 22. dxe5 Nc4 23. Bxc4 Rxc4 24. c3 Kf7 25. Rad1 b5 26. Rd4 Rb8 27. Red1 Ke7
28. f4 a5 29. Kf2 Be8 30. R1d2 Bc6 31. g4 Rf8 32. gxf5 exf5 33. Rxc4 bxc4 34.
Nd4 Ba4 35. Ke3 g6 36. Nf3 Bc6 37. Kd4 Rc8 38. Rg2 Be8 39. Ng5 h6 40. Nh7 Bf7
41. Nf6 Ke6 42. h4 Rc7 43. h5 gxh5 44. Rh2 Rc8 45. Nxh5 Rb8 46. Ng7+ Kd7 47.
Rxh6 Bg8 48. Rh8 Rxb2 49. Rxg8 Rd2+ 50. Kc5 Rf2 51. Nxf5 Rxf4 52. Nd4 1-0

[Event "SR 1. liga zapad 2013/2014"]
[Site "?"]
[Date "2014.02.02"]
[Round "37.1"]
[White "Chovanec, Milan"]
[Black "Pagerka, Martin"]
[Result "0-1"]
[WhiteElo "2147"]
[BlackElo "2224"]
[Annotator "rastík"]
[PlyCount "72"]
[EventDate "2013.??.??"]
[WhiteTeam "SKS Povazska Bystrica"]
[BlackTeam "SK Osuske"]

1. e4 c5 2. Ne2 d6 3. g3 h5 4. h3 h4 5. g4 Nc6 6. Bg2 e5 7. O-O Nf6 8. f4 exf4
9. Nxf4 Ne5 10. d4 cxd4 11. Qxd4 g6 12. Nc3 Bg7 13. Nb5 O-O 14. Qxd6 Bd7 15.
Nc3 Nc4 16. Qb4 b5 17. Ncd5 Nxd5 18. Nxd5 a5 19. Qe7 Bd4+ 20. Kh1 Be6 21. Qxd8
Raxd8 22. c3 Be5 23. Bg5 Rd7 24. Bf6 Bxd5 25. Bxe5 Bc6 26. Bf6 Rd2 27. Rae1
Rxb2 28. g5 Nd6 29. Rf4 Nf5 30. Rg4 Re8 31. Rg1 Ng3+ 32. Kh2 Rxe4 33. Rxh4 Nf1+
34. Rxf1 Rxh4 35. Kg3 Bxg2 36. Rd1 Rxh3+ 0-1

[Event "SR 1. liga zapad 2013/2014"]
[Site "?"]
[Date "2014.02.02"]
[Round "37.2"]
[White "Jozefek, Michal"]
[Black "Jakubek, Peter"]
[Result "1/2-1/2"]
[WhiteElo "2168"]
[BlackElo "2140"]
[Annotator "rastík"]
[PlyCount "70"]
[EventDate "2013.??.??"]
[WhiteTeam "SK Osuske"]
[BlackTeam "SKS Povazska Bystrica"]

1. d4 d5 2. c4 dxc4 3. Nf3 Nf6 4. Qa4+ Qd7 5. Qxc4 Qc6 6. Nbd2 Qxc4 7. Nxc4 Nc6
8. Bd2 Bf5 9. e3 e6 10. a3 Be7 11. Rc1 O-O 12. Nfe5 Nxe5 13. Nxe5 Bd6 14. Nc4
Rfd8 15. f3 Bg6 16. e4 Be7 17. Be3 c6 18. Be2 Rac8 19. b4 Ne8 20. Kf2 Nd6 21.
Na5 Rd7 22. b5 Rdc7 23. a4 cxb5 24. axb5 Rc2 25. Rxc2 Rxc2 26. Rc1 Ra2 27. Nxb7
Nxb7 28. Rc7 Nd6 29. Rxe7 Kf8 30. Rc7 Nxe4+ 31. fxe4 Bh5 32. Rxa7 Rxe2+ 33. Kg1
Re1+ 34. Kf2 Re2+ 35. Kg1 Re1+ 1/2-1/2

[Event "SR 1. liga zapad 2013/2014"]
[Site "?"]
[Date "2014.02.02"]
[Round "37.3"]
[White "Obona, Jan"]
[Black "Bury, Rastislav"]
[Result "1-0"]
[WhiteElo "2140"]
[BlackElo "2120"]
[Annotator "rastík"]
[PlyCount "41"]
[EventDate "2013.??.??"]
[WhiteTeam "SKS Povazska Bystrica"]
[BlackTeam "SK Osuske"]

1. Nf3 Nf6 2. c4 e6 3. Nc3 d5 4. g3 Be7 5. Bg2 O-O 6. O-O b6 7. cxd5 exd5 8. d4
Bg4 9. Ne5 Be6 10. Bf4 Nfd7 11. Nxd5 Nxe5 12. Nxe7+ Qxe7 13. Bxa8 Ng6 14. Bg2
Nxf4 15. gxf4 Bg4 16. Re1 Qd6 17. Qd3 Nd7 18. e4 Rd8 19. Qg3 f5 20. h3 Bh5 21.
Qg5 1-0

[Event "SR 1. liga zapad 2013/2014"]
[Site "?"]
[Date "2014.02.02"]
[Round "37.4"]
[White "Kimerling, Martin"]
[Black "Skrabakova, Katarina"]
[Result "0-1"]
[WhiteElo "2109"]
[BlackElo "1969"]
[Annotator "rastík"]
[PlyCount "46"]
[EventDate "2013.??.??"]
[WhiteTeam "SK Osuske"]
[BlackTeam "SKS Povazska Bystrica"]

1. d4 d5 2. c4 e6 3. Nc3 Nf6 4. cxd5 exd5 5. Bg5 c6 6. Qc2 Bd6 7. e3 O-O 8. Bd3
h6 9. Bh4 Nbd7 10. Nge2 Re8 11. O-O Nf8 12. Rae1 Bxh2+ 13. Kh1 Bd6 14. e4 dxe4
15. Nxe4 Be7 16. Nxf6+ Bxf6 17. Bg3 Be6 18. Be5 Nd7 19. Bg3 Nb6 20. Nf4 Bd5 21.
Nxd5 Qxd5 22. b3 Qxd4 23. Rd1 Qc3 0-1

[Event "SR 1. liga zapad 2013/2014"]
[Site "?"]
[Date "2014.02.02"]
[Round "37.5"]
[White "Budaj, Peter"]
[Black "Jablonicky, Martin"]
[Result "0-1"]
[WhiteElo "2062"]
[BlackElo "1967"]
[Annotator "rastík"]
[PlyCount "83"]
[EventDate "2013.??.??"]
[WhiteTeam "SKS Povazska Bystrica"]
[BlackTeam "SK Osuske"]

1. Nf3 Nf6 2. g3 b6 3. d3 Bb7 4. Bg2 e6 5. e4 d6 6. O-O Be7 7. c4 Nbd7 8. Nc3
c5 9. a3 Qc7 10. b4 a6 11. Ng5 O-O 12. f4 cxb4 13. axb4 d5 14. e5 Ne8 15. Bb2
dxc4 16. Nce4 h6 17. Nh3 Bxb4 18. Rc1 b5 19. dxc4 bxc4 20. Bc3 Bxc3 21. Rxc3
Rd8 22. Qe2 Nb6 23. Rb1 Bd5 24. Qa2 Ra8 25. Nhf2 Qc6 26. Qa5 Nd7 27. Rb4 Qc7
28. Qa1 Nb6 29. Qa5 Nd7 30. Qa1 Kh8 31. g4 a5 32. Ra4 Nc5 33. Raxc4 Bxc4 34.
Rxc4 Nb3 35. Qa3 Qxc4 36. Qxf8+ Kh7 37. Ng5+ hxg5 38. Bxa8 Nd2 39. Kg2 Qf1+ 40.
Kg3 gxf4+ 41. Kh4 Qxf2+ 42. Kg5 0-1

[Event "SR 1. liga zapad 2013/2014"]
[Site "?"]
[Date "2014.02.02"]
[Round "37.6"]
[White "Jablonicky, Frantisek"]
[Black "Kvassay, Peter"]
[Result "1/2-1/2"]
[WhiteElo "2146"]
[BlackElo "2042"]
[Annotator "rastík"]
[PlyCount "171"]
[EventDate "2013.??.??"]
[WhiteTeam "SK Osuske"]
[BlackTeam "SKS Povazska Bystrica"]

1. Nf3 d5 2. d4 Nf6 3. c4 c6 4. Qc2 e6 5. Nbd2 Be7 6. g3 O-O 7. Bg2 Nbd7 8. O-O
b6 9. e4 Bb7 10. e5 Ne8 11. cxd5 cxd5 12. Re1 Rc8 13. Qd3 g6 14. Nf1 Ng7 15. g4
Qc7 16. Bd2 Nb8 17. b4 Qc4 18. Qb1 Qc2 19. Qxc2 Rxc2 20. Ne3 Rc7 21. Rec1 Rfc8
22. Rxc7 Rxc7 23. b5 a6 24. a4 a5 25. Bf1 Nd7 26. Rb1 Kf8 27. Bd3 Kg8 28. g5
Nh5 29. Ng4 Ng7 30. Nf6+ Bxf6 31. exf6 Ne8 32. Rb3 Rc8 33. Bf4 Kf8 34. Kf1 Kg8
35. Ke2 Kf8 36. Kd2 Kg8 37. Rb1 Kf8 38. Ne5 Nexf6 39. gxf6 Nxf6 40. Rc1 Rxc1
41. Kxc1 Ke8 42. Kd2 Nh5 43. Ke3 Nxf4 44. Kxf4 f6 45. Ng4 Kf7 46. h4 Kg7 47.
Ne3 Bc8 48. Be2 Bb7 49. Bg4 Kf7 50. Bh3 Ba8 51. Bf1 Bb7 52. Ng4 Bc8 53. Bd3 Bd7
54. Nh2 Bc8 55. Nf3 Bd7 56. h5 Bc8 57. Ke3 Bd7 58. Nh4 g5 59. Ng2 f5 60. f4 h6
61. Kf3 g4+ 62. Kg3 Kf6 63. Ne1 Be8 64. Kh4 Ke7 65. Be2 Kd6 66. Nd3 Bd7 67. Ne5
Be8 68. Bd3 Ke7 69. Be2 Kd6 70. Ng6 Kd7 71. Bd1 Kd6 72. Bc2 Bf7 73. Bd3 Be8 74.
Bc2 Bf7 75. Bb3 Be8 76. Bd1 Bf7 77. Bxg4 fxg4 78. Kxg4 Be8 79. Ne5 Ke7 80. Kh4
Kf6 81. Kg4 Ke7 82. Nd3 Kf6 83. Nb2 Bd7 84. Kf3 Kf5 85. Nd1 Be8 86. Ne3+
1/2-1/2

[Event "SR 1. liga zapad 2013/2014"]
[Site "?"]
[Date "2014.02.02"]
[Round "37.7"]
[White "Capak, Stefan"]
[Black "Spacek, Oliver"]
[Result "0-1"]
[WhiteElo "2040"]
[BlackElo "2041"]
[Annotator "rastík"]
[PlyCount "88"]
[EventDate "2013.??.??"]
[WhiteTeam "SKS Povazska Bystrica"]
[BlackTeam "SK Osuske"]

1. d4 Nf6 2. Nf3 g6 3. g3 Bg7 4. Bg2 d5 5. O-O O-O 6. c4 c6 7. cxd5 cxd5 8. Nc3
Bf5 9. Nh4 Be6 10. Qb3 b6 11. Nf3 Nc6 12. Qd1 Rc8 13. Bd2 h6 14. Rc1 Ne4 15. e3
f5 16. Ne1 Bf7 17. Nd3 e5 18. dxe5 Nxe5 19. Nxe5 Bxe5 20. Qe2 Qe7 21. Rfd1 Rfd8
22. Be1 Nxc3 23. Bxc3 Bxc3 24. Rxc3 Rxc3 25. bxc3 Qc5 26. c4 d4 27. Rxd4 Rxd4
28. exd4 Qxd4 29. Bf1 Kf8 30. Qe3 Qxe3 31. fxe3 Ke7 32. Kf2 Kd6 33. Kf3 Kc5 34.
Kf4 Bxc4 35. Bxc4 Kxc4 36. g4 fxg4 37. Ke5 h5 38. e4 h4 39. Kf6 g3 40. hxg3
hxg3 41. e5 g2 42. e6 g1=Q 43. e7 Qe3 44. Kf7 g5 0-1

[Event "SR 1. liga zapad 2013/2014"]
[Site "?"]
[Date "2014.02.02"]
[Round "38.1"]
[White "Bombek, Peter"]
[Black "Likavsky, Tomas"]
[Result "0-1"]
[WhiteElo "2219"]
[BlackElo "2453"]
[Annotator "rastík"]
[PlyCount "54"]
[EventDate "2013.??.??"]
[WhiteTeam "SKS Dubnica n/Vahom B"]
[BlackTeam "Lokomotiva Trnava"]

1. e4 c5 2. Nf3 d6 3. Bb5+ Nd7 4. O-O a6 5. Bxd7+ Bxd7 6. d4 cxd4 7. Qxd4 e5 8.
Qd3 h6 9. b3 Nf6 10. Nbd2 b5 11. c4 Bc6 12. Ba3 Be7 13. Rfe1 Qb8 14. cxb5 axb5
15. Bb4 Qb7 16. a3 O-O 17. Rac1 Rfd8 18. h3 Nh5 19. Qe3 Nf4 20. Kh2 Bf6 21. g3
Ne6 22. Nb1 d5 23. exd5 Bxd5 24. Nxe5 Bxe5 25. Qxe5 Ng5 26. Nd2 Bh1 27. f3
Rxd2+ 0-1

[Event "SR 1. liga zapad 2013/2014"]
[Site "?"]
[Date "2014.02.02"]
[Round "38.2"]
[White "Lanc, Alois"]
[Black "Kovacik, Emil"]
[Result "1-0"]
[WhiteElo "2355"]
[BlackElo "2207"]
[Annotator "rastík"]
[PlyCount "69"]
[EventDate "2013.??.??"]
[WhiteTeam "Lokomotiva Trnava"]
[BlackTeam "SKS Dubnica n/Vahom B"]

1. e4 e6 2. d4 d5 3. Nc3 Nf6 4. Bg5 Bb4 5. e5 h6 6. Bh4 g5 7. Bg3 Ne4 8. Nge2
f5 9. f3 Nxg3 10. hxg3 c5 11. a3 Ba5 12. dxc5 Bxc3+ 13. Nxc3 Qc7 14. f4 g4 15.
b4 a6 16. Na4 Nc6 17. Nb6 Rb8 18. c4 dxc4 19. Nxc4 Bd7 20. Qd2 Rd8 21. Be2 Bc8
22. Nd6+ Kf8 23. Kf2 Kg7 24. Rad1 Ne7 25. Qa2 Nd5 26. Rxd5 exd5 27. Qxd5 Rhf8
28. Bc4 b6 29. e6 Kg6 30. Bd3 bxc5 31. Nxf5 Rh8 32. Nxh6+ Kf6 33. Qg5+ Kxe6 34.
Qg6+ Kd5 35. Rd1 1-0

[Event "SR 1. liga zapad 2013/2014"]
[Site "?"]
[Date "2014.02.02"]
[Round "38.3"]
[White "Veres, Andrej"]
[Black "Banas, Jan"]
[Result "1-0"]
[WhiteElo "2161"]
[BlackElo "2293"]
[Annotator "rastík"]
[PlyCount "113"]
[EventDate "2013.??.??"]
[WhiteTeam "SKS Dubnica n/Vahom B"]
[BlackTeam "Lokomotiva Trnava"]

1. d4 Nf6 2. Nf3 g6 3. c4 Bg7 4. Nc3 d5 5. Bg5 Ne4 6. cxd5 Nxg5 7. Nxg5 e6 8.
Qd2 exd5 9. Qe3+ Kf8 10. Qf4 Bf6 11. h4 h6 12. Nxd5 Bxg5 13. Qe5 Rg8 14. hxg5
Nc6 15. Qe4 Bf5 16. Qf3 Qxg5 17. Qe3 Kg7 18. O-O-O Rad8 19. f4 Qg4 20. Nc3 Bc8
21. d5 Rge8 22. Qf2 Ne7 23. e4 a6 24. Be2 Qd7 25. Qd4+ f6 26. g4 Ng8 27. Rh3
Qd6 28. Qf2 b5 29. a3 c5 30. Re3 b4 31. e5 fxe5 32. Ne4 Qf8 33. fxe5 Rxe5 34.
Qg3 Qe8 35. Bd3 Rdxd5 36. Nd6 Rxe3 37. Nxe8+ Rxe8 38. Qc7+ Rd7 39. Qxc5 bxa3
40. Qc3+ Nf6 41. Qxa3 Rc7+ 42. Kb1 Bxg4 43. Rf1 Re6 44. Qb4 h5 45. Qb8 Rd7 46.
Bc4 Red6 47. Qa8 Bf5+ 48. Rxf5 gxf5 49. Bxa6 h4 50. Qg2+ Kh6 51. Bc8 Rd1+ 52.
Ka2 Ra7+ 53. Kb3 Ra5 54. Qf3 Rdd5 55. Qf4+ Kh5 56. Be6 Re5 57. Bf7# 1-0

[Event "SR 1. liga zapad 2013/2014"]
[Site "?"]
[Date "2014.02.02"]
[Round "38.4"]
[White "Vass, Frantisek"]
[Black "Lazo, Juraj"]
[Result "1-0"]
[WhiteElo "2283"]
[BlackElo "2138"]
[Annotator "rastík"]
[PlyCount "105"]
[EventDate "2013.??.??"]
[WhiteTeam "Lokomotiva Trnava"]
[BlackTeam "SKS Dubnica n/Vahom B"]

1. d4 Nf6 2. Bg5 e6 3. Nf3 d5 4. e3 Be7 5. Nbd2 O-O 6. Bd3 Nbd7 7. O-O Re8 8.
Qe2 Nf8 9. Ne5 N6d7 10. Bxe7 Qxe7 11. f4 f6 12. Nxd7 Bxd7 13. e4 b6 14. Rae1
Qb4 15. Nb3 dxe4 16. Bxe4 Rad8 17. a3 Qd6 18. Qc4 Kh8 19. g3 a5 20. Rf2 a4 21.
Nc1 c5 22. dxc5 Qxc5 23. Qe2 Bb5 24. Nd3 Qd4 25. Qe3 f5 26. Bf3 Bxd3 27. cxd3
Kg8 28. Rc2 Re7 29. Rc3 Kf7 30. Kf2 Qxe3+ 31. Rxe3 Nd7 32. d4 Nf6 33. Rc4 b5
34. Rb4 Nd5 35. Bxd5 Rxd5 36. Rc3 Red7 37. Ke3 h6 38. Rc5 Rb7 39. b3 axb3 40.
a4 Rxc5 41. dxc5 Rc7 42. axb5 Rxc5 43. b6 Rc8 44. b7 Rb8 45. Kd4 g5 46. Rxb3
Ke7 47. Ke5 Rd8 48. Rb5 Rb8 49. Rb6 Kd7 50. Rd6+ Kc7 51. Rxe6 Kxb7 52. Rxh6
gxf4 53. Kxf4 1-0

[Event "SR 1. liga zapad 2013/2014"]
[Site "?"]
[Date "2014.02.02"]
[Round "38.5"]
[White "Orgon, Dusan"]
[Black "Szitkey, Milan"]
[Result "0-1"]
[WhiteElo "2089"]
[BlackElo "2149"]
[Annotator "rastík"]
[PlyCount "68"]
[EventDate "2013.??.??"]
[WhiteTeam "SKS Dubnica n/Vahom B"]
[BlackTeam "Lokomotiva Trnava"]

1. d4 d5 2. Bg5 Nf6 3. Bxf6 exf6 4. e3 Bd6 5. c4 c6 6. Nc3 dxc4 7. Bxc4 O-O 8.
Qc2 f5 9. Nge2 Na6 10. Bxa6 bxa6 11. O-O Re8 12. Ng3 Qh4 13. Nce2 Bd7 14. h3 g6
15. Rfe1 Re6 16. Qd2 Rae8 17. Red1 Rf6 18. Rac1 g5 19. d5 c5 20. f4 Rg6 21. Rc3
g4 22. hxg4 Qxg4 23. Kf2 Bb5 24. Rg1 Be7 25. Nf1 Bf6 26. Ra3 Rd8 27. g3 Rxd5
28. Qc2 Rd8 29. Nh2 Qh5 30. Nf3 Bc6 31. Ne1 Qh2+ 32. Ng2 Bb5 33. e4 Bxe2 34.
Kxe2 Qxg1 0-1

[Event "SR 1. liga zapad 2013/2014"]
[Site "?"]
[Date "2014.02.02"]
[Round "38.6"]
[White "Miklas, Marian"]
[Black "Pupak, Tomas"]
[Result "1-0"]
[WhiteElo "2102"]
[BlackElo "2016"]
[Annotator "rastík"]
[PlyCount "95"]
[EventDate "2013.??.??"]
[WhiteTeam "Lokomotiva Trnava"]
[BlackTeam "SKS Dubnica n/Vahom B"]

1. Nf3 d6 2. g3 Nf6 3. Bg2 Nbd7 4. c4 e5 5. Nc3 Be7 6. O-O O-O 7. d4 c6 8. e4
Qc7 9. h3 Re8 10. Be3 Bf8 11. d5 Nc5 12. Nd2 cxd5 13. cxd5 a6 14. b4 Ncd7 15.
Rc1 Qb8 16. a4 a5 17. Nb5 axb4 18. Nc7 Nc5 19. Nxa8 Qxa8 20. Rb1 Bd7 21. Rxb4
Bxa4 22. Qb1 b5 23. Rc1 Nfd7 24. Bf1 Rb8 25. Bxb5 Bxb5 26. Rxb5 Rxb5 27. Qxb5
Qa3 28. Rb1 Qc3 29. Qb4 Qc2 30. Ra1 f5 31. exf5 Qxf5 32. Kg2 e4 33. Ra8 Qxd5
34. Qc4 Nb6 35. Qxd5+ Nxd5 36. Bxc5 dxc5 37. Nxe4 Nc7 38. Rc8 Ne6 39. f4 g6 40.
Rc6 Kf7 41. Ng5+ Nxg5 42. fxg5 Be7 43. h4 Ke8 44. Rc7 Kd8 45. Ra7 Ke8 46. Kf3
Kf7 47. Ra6 Bd8 48. Ke4 1-0

[Event "SR 1. liga zapad 2013/2014"]
[Site "?"]
[Date "2014.02.02"]
[Round "38.7"]
[White "Prasek, Ivan"]
[Black "Drtina, Milan"]
[Result "0-1"]
[WhiteElo "1950"]
[BlackElo "2135"]
[Annotator "rastík"]
[PlyCount "86"]
[EventDate "2013.??.??"]
[WhiteTeam "SKS Dubnica n/Vahom B"]
[BlackTeam "Lokomotiva Trnava"]

1. e4 e5 2. Nf3 Nc6 3. Bc4 Be7 4. d3 Nf6 5. O-O O-O 6. Re1 d6 7. c3 Na5 8. Bb5
a6 9. Ba4 b5 10. Bc2 c5 11. Nbd2 Nc6 12. a4 b4 13. d4 a5 14. d5 Nb8 15. c4 g6
16. Nf1 Nh5 17. g3 Ng7 18. Bh6 Nd7 19. Ne3 Nf6 20. Nh4 Nfh5 21. Nhg2 Bg5 22.
Bxg5 Qxg5 23. Rf1 Qe7 24. Qd2 f5 25. exf5 gxf5 26. f4 exf4 27. Nxf4 Nf6 28.
Rae1 Ne4 29. Qg2 Qe5 30. Nxf5 Bxf5 31. Bxe4 Qd4+ 32. Kh1 Qxc4 33. Ne6 Bxe4 34.
Rxf8+ Rxf8 35. Qxe4 Qxe4+ 36. Rxe4 Nxe6 37. Rxe6 Rf2 38. b3 c4 39. bxc4 b3 40.
Rxd6 b2 41. Rb6 Rf1+ 42. Kg2 b1=Q 43. Rxb1 Rxb1 0-1

[Event "SR 1. liga zapad 2013/2014"]
[Site "?"]
[Date "2014.02.02"]
[Round "38.8"]
[White "Puskar, Peter"]
[Black "Kutny, Marian 1968"]
[Result "1/2-1/2"]
[WhiteElo "2063"]
[BlackElo "1932"]
[Annotator "rastík"]
[PlyCount "87"]
[EventDate "2013.??.??"]
[WhiteTeam "Lokomotiva Trnava"]
[BlackTeam "SKS Dubnica n/Vahom B"]

1. d4 d5 2. c4 e6 3. Nf3 Nf6 4. e3 a6 5. b3 b6 6. Bd3 Bb7 7. Nbd2 Bd6 8. O-O
O-O 9. Bb2 Nbd7 10. Rc1 c5 11. Qe2 Re8 12. Ne5 a5 13. f4 Qe7 14. Ndf3 Ne4 15.
cxd5 exd5 16. Bb5 Bxe5 17. Nxe5 Bc8 18. dxc5 Nexc5 19. Rfd1 Qe6 20. Rxd5 Qxd5
21. Bc4 Rxe5 22. Bxd5 Rxd5 23. e4 Rd6 24. e5 Rd3 25. f5 Rd5 26. e6 fxe6 27.
fxe6 Nf6 28. Bxf6 gxf6 29. Rc3 Bxe6 30. Rxc5 Rxc5 31. Qxe6+ Kg7 32. Qxb6 Rac8
33. h3 R8c6 34. Qb7+ Rc7 35. Qe4 Rg5 36. b4 axb4 37. Qxb4 Ra7 38. h4 Rga5 39.
Qg4+ Kf7 40. h5 Rxa2 41. h6 R2a4 42. Qg7+ Ke6 43. Qg8+ Ke5 44. Qe8+ 1/2-1/2

[Event "SR 1. liga zapad 2013/2014"]
[Site "?"]
[Date "2014.02.02"]
[Round "39.1"]
[White "Zatko, Gregor"]
[Black "Gazik, Igor"]
[Result "1-0"]
[WhiteElo "2188"]
[BlackElo "2321"]
[PlyCount "81"]
[EventDate "2013.??.??"]
[WhiteTeam "SK Levice"]
[BlackTeam "SK Prievidza"]

1. e4 g6 2. d4 Bg7 3. Nc3 d6 4. Be3 a6 5. a4 Nf6 6. h3 O-O 7. Nf3 b6 8. Bd3 Bb7
9. O-O Nc6 10. Qd2 e5 11. d5 Ne7 12. Bh6 c6 13. Bxg7 Kxg7 14. dxc6 Bxc6 15.
Rfe1 b5 16. b4 bxa4 17. Nxa4 Qb8 18. Qe3 Re8 19. c4 Ra7 20. Nc3 Nc8 21. Reb1
Ree7 22. Nd2 Be8 23. Nd5 Nxd5 24. exd5 Reb7 25. f4 Rxb4 26. fxe5 Re7 27. Qd4
dxe5 28. Qc3 a5 29. Rxa5 Rxb1+ 30. Bxb1 Nb6 31. Bc2 Qc7 32. Qb4 Rd7 33. Bb3 Rd8
34. Ne4 h5 35. d6 Qc6 36. Rxe5 Nd7 37. Re7 Kg8 38. Qc3 Qa6 39. c5 Nxc5 40. Nf6+
Kf8 41. Nxe8 1-0

[Event "SR 1. liga zapad 2013/2014"]
[Site "?"]
[Date "2014.02.02"]
[Round "39.2"]
[White "Dobrotka, Martin"]
[Black "Kalisky, Vladimir"]
[Result "1/2-1/2"]
[WhiteElo "2218"]
[BlackElo "2186"]
[PlyCount "55"]
[EventDate "2013.??.??"]
[WhiteTeam "SK Prievidza"]
[BlackTeam "SK Levice"]

1. d4 d5 2. c4 c5 3. cxd5 Qxd5 4. Nc3 Qxd4 5. Qxd4 cxd4 6. Nb5 Na6 7. Nf3 Bd7
8. Nbxd4 f6 9. e3 e5 10. Nb5 Nh6 11. Bd2 Nf5 12. Bc3 O-O-O 13. Nxa7+ Kb8 14.
Nb5 Nb4 15. Bxb4 Bxb4+ 16. Nc3 Be6 17. Be2 Rd6 18. Nd2 Rc8 19. Nde4 Rb6 20. O-O
Bxc3 21. bxc3 Bc4 22. Rfe1 Bxe2 23. Rxe2 Rc4 24. f3 Nd6 25. Nxd6 Rxd6 26. Rc1
Rd3 27. Kf2 Rdxc3 28. Rxc3 1/2-1/2

[Event "SR 1. liga zapad 2013/2014"]
[Site "?"]
[Date "2014.02.02"]
[Round "39.3"]
[White "Hudoba, Ondrej"]
[Black "Gazik, Viktor"]
[Result "0-1"]
[WhiteElo "2155"]
[BlackElo "2166"]
[PlyCount "116"]
[EventDate "2013.??.??"]
[WhiteTeam "SK Levice"]
[BlackTeam "SK Prievidza"]

1. e4 c5 2. Nf3 d6 3. Bb5+ Nd7 4. c3 Ngf6 5. Qe2 a6 6. Ba4 b5 7. Bc2 g6 8. d4
e5 9. a4 Rb8 10. dxc5 dxc5 11. Na3 c4 12. axb5 axb5 13. O-O Bd6 14. Bh6 Qe7 15.
Nb1 Nc5 16. Nbd2 Ng4 17. Bg5 f6 18. Bh4 Be6 19. h3 Nh6 20. Rfb1 g5 21. Bg3 Nf7
22. b4 cxb3 23. Nxb3 Na4 24. Qe3 Qc7 25. Bd3 Nxc3 26. Rc1 b4 27. Nfd2 O-O 28.
f3 Rfd8 29. Bf2 Bf8 30. Ra6 Qd7 31. Bf1 Ra8 32. Rca1 Rxa6 33. Rxa6 Kg7 34. Qb6
Re8 35. Bc4 Bxc4 36. Nxc4 Qd1+ 37. Kh2 Qxb3 38. Qxf6+ Kg8 39. Na5 Qa2 40. Be3
Bg7 41. Qc6 Rf8 42. Bc5 Ne2 43. Qe6 Qxe6 44. Rxe6 Nd4 45. Rb6 Rc8 46. Bxb4 Bf8
47. Bxf8 Kxf8 48. h4 Rc2 49. Kh3 gxh4 50. Rb4 Ng5+ 51. Kxh4 Rxg2 52. Rb8+ Kg7
53. Rb7+ Nf7 54. Nc4 Nxf3+ 55. Kh3 Rg6 56. Rb5 N3g5+ 57. Kg4 Nxe4+ 58. Kf3 Ned6
0-1

[Event "SR 1. liga zapad 2013/2014"]
[Site "?"]
[Date "2014.02.02"]
[Round "39.4"]
[White "Kaniansky, Miroslav"]
[Black "Chlpik, Martin"]
[Result "0-1"]
[WhiteElo "2203"]
[BlackElo "2077"]
[PlyCount "52"]
[EventDate "2013.??.??"]
[WhiteTeam "SK Prievidza"]
[BlackTeam "SK Levice"]

1. d4 c5 2. c3 Nf6 3. Nf3 b6 4. Bf4 Bb7 5. e3 d6 6. Nbd2 g6 7. Bd3 Bg7 8. O-O
O-O 9. Qe2 Nbd7 10. e4 cxd4 11. cxd4 e5 12. dxe5 dxe5 13. Bg5 h6 14. Bxf6 Qxf6
15. Ba6 Bxa6 16. Qxa6 Nc5 17. Qe2 Rad8 18. Rad1 Nd3 19. Nc4 Nf4 20. Qe3 Qe6 21.
b3 Qg4 22. g3 Nh3+ 23. Kg2 Rxd1 24. Rxd1 f5 25. Nd6 fxe4 26. Nxe4 Rxf3 0-1

[Event "SR 1. liga zapad 2013/2014"]
[Site "?"]
[Date "2014.02.02"]
[Round "39.5"]
[White "Berek, Geza"]
[Black "Lakatos, Vladimir"]
[Result "1/2-1/2"]
[WhiteElo "2134"]
[BlackElo "2158"]
[PlyCount "54"]
[EventDate "2013.??.??"]
[WhiteTeam "SK Levice"]
[BlackTeam "SK Prievidza"]

1. e4 c5 2. Nf3 e6 3. d4 cxd4 4. Nxd4 a6 5. Bd3 Nf6 6. O-O Qc7 7. Qe2 Nc6 8.
Nxc6 dxc6 9. e5 Nd7 10. f4 Nc5 11. Nc3 Nxd3 12. cxd3 Be7 13. Be3 b5 14. Rac1
O-O 15. Ne4 Rd8 16. Qh5 Rxd3 17. Rf3 Qd8 18. Rh3 h6 19. Rg3 Bh4 20. Rxg7+ Kxg7
21. f5 Rxe3 22. f6+ Kg8 23. Qg4+ Bg5 24. Nxg5 Qf8 25. Rxc6 hxg5 26. Qxg5+ Kh7
27. Qh5+ Kg8 1/2-1/2

[Event "SR 1. liga zapad 2013/2014"]
[Site "?"]
[Date "2014.02.02"]
[Round "39.6"]
[White "Pinter, Patrik"]
[Black "Bencik, Pavol"]
[Result "0-1"]
[WhiteElo "2162"]
[BlackElo "2023"]
[PlyCount "70"]
[EventDate "2013.??.??"]
[WhiteTeam "SK Prievidza"]
[BlackTeam "SK Levice"]

1. e4 e5 2. Nf3 Nc6 3. Be2 Bc5 4. O-O Nf6 5. Nxe5 Nxe4 6. Nxc6 dxc6 7. c3 Qh4
8. d4 Bd6 9. f4 Be6 10. Qe1 Qxe1 11. Rxe1 O-O-O 12. Bf3 Nf6 13. b4 Rhe8 14. Bd2
Bd5 15. Rxe8 Rxe8 16. Kf2 Ne4+ 17. Bxe4 Rxe4 18. g3 Kd7 19. Be3 Re8 20. Nd2 b5
21. a4 a6 22. axb5 axb5 23. Ra6 h5 24. Nf3 f6 25. Ne1 Be4 26. Nf3 Ke6 27. Nd2
Bd5 28. Ra1 Kf5 29. h4 Kg4 30. Nf1 Bc4 31. Nd2 Bd3 32. Ra6 g5 33. hxg5 fxg5 34.
Ra1 gxf4 35. gxf4 Bxf4 0-1

[Event "SR 1. liga zapad 2013/2014"]
[Site "?"]
[Date "2014.02.02"]
[Round "39.7"]
[White "Svonavec, Stefan"]
[Black "Hanko, Pavol"]
[Result "0-1"]
[WhiteElo "2020"]
[BlackElo "2141"]
[PlyCount "67"]
[EventDate "2013.??.??"]
[WhiteTeam "SK Levice"]
[BlackTeam "SK Prievidza"]

1. d4 Nf6 2. Nf3 g6 3. Bf4 Bg7 4. h3 O-O 5. Nbd2 d6 6. e3 Nbd7 7. Be2 b6 8. O-O
Bb7 9. Rc1 Re8 10. Nc4 c6 11. a4 b5 12. axb5 cxb5 13. Ncd2 e5 14. Bh2 a6 15. c4
Qb6 16. cxb5 axb5 17. Qb3 Ba6 18. dxe5 dxe5 19. Ng5 Re7 20. Bf3 Bb7 21. Nge4
Nd5 22. Rfd1 Ra4 23. Bg3 h6 24. Qc2 f5 25. Nc3 Nxc3 26. Qb3+ Kh7 27. bxc3 Nc5
28. Qc2 Bc8 29. Nb3 f4 30. Nxc5 Qxc5 31. exf4 exf4 32. Rd5 Qc4 33. Bh4 Rf7 34.
Bd8 0-1